[Event "FRA-ch Blitz Online Qual"]
[Site "Europe Echecs INT"]
[Date "2020.05.16"]
[Round "15"]
[White "Ciarletta, Iris"]
[Black "Babaud, Antoine"]
[Result "1/2-1/2"]
[WhiteElo "1493"]
[BlackElo "1943"]
[PlyCount "226"]
[EventDate "2020.05.16"]
[EventType "swiss (blitz)"]
[EventRounds "15"]
[EventCountry "FRA"]
[SourceTitle "CBM 196 Extra"]
[Source "ChessBase"]
[SourceDate "2020.07.31"]
[SourceVersion "1"]
[SourceVersionDate "2020.07.31"]
[SourceQuality "1"]

1. d4 Nf6 2. c4 g6 3. Nc3 Bg7 4. e4 0-0 5. e5 Ne8 6. f4 c5 7. d5 d6 8. Nf3 Nd7 9. exd6 exd6 10. Bd3 Ndf6 11. 0-0 Bg4 12. h3 Bxf3 13. Qxf3 Nc7 14. f5 a6 15. Bg5 Nce8 16. Ne4 Qd7 17. Nxf6+ Nxf6 18. Qg3 Nh5 19. Qh4 Bxb2 20. Rab1 Bd4+ 21. Kh1 f6 22. fxg6 fxg5 23. gxh7+ Kh8 24. Qxh5 Qg7 25. Qg4 Be5 26. Rb3 Rxf1+ 27. Bxf1 Rf8 28. Rf3 Rxf3 29. Qxf3 Kxh7 30. Bd3+ Kg8 31. Qf5 Qf6 32. Qxf6 Bxf6 33. a4 b6 34. Kg1 Be5 35. Kf2 Kf7 36. Kf3 Kf6 37. Kg4 Bc3 38. g3 Be1 39. h4 gxh4 40. gxh4 Bd2 41. Bf5 Ke5 42. Bc8 a5 43. Ba6 Kf6 44. h5 Bc1 45. Bb5 Bd2 46. Kf3 Kg5 47. Ke4 Kxh5 48. Kf5 Be1 49. Ke6 Bg3 50. Kd7 Kg6 51. Kc6 Kf6 52. Kxb6 Be1 53. Kc6 Ke5 54. Kc7 Kd4 55. Kxd6 Bg3+ 56. Kc6 Ke5 57. d6 Ke6 58. d7 Ke7 59. Kxc5 Bd6+ 60. Kb6 Bb4 61. c5 Kd8 62. c6 Bd6 63. Kxa5 Bb8 64. Kb6 Bc7+ 65. Kb7 Ba5 66. Ka6 Be1 67. a5 Kc7 68. Ba4 Bf2 69. Kb5 Bg1 70. a6 Bf2 71. Kc4 Be3 72. Kd5 Bf2 73. Ke6 Kd8 74. Kf7 Be3 75. c7+ Kxc7 76. Ke8 Bg5 77. a7 Kb7 78. Bc6+ Kxa7 79. Kf7 Kb6 80. Ba4 Bd8 81. Ke8 Bg5 82. Bd1 Bh4 83. Bg4 Kc7 84. Bh3 Bg5 85. Bf5 Bh4 86. Kf7 Bg5 87. Kg6 Bh4 88. Kh5 Bf2 89. Kg6 Bd4 90. Kf7 Be3 91. Kf6 Bf2 92. Kg5 Kd8 93. Kf6 Bh4+ 94. Ke6 Bg3 95. Kf7 Bf2 96. Be6 Bg1 97. Kf8 Bh2 98. Kf7 Bg1 99. Kf8 Bh2 100. Kg7 Bg1 101. Kf6 Bh2 102. Kf5 Bg1 103. Ke4 Bh2 104. Kd5 Bc7 105. Kc6 Bh2 106. Kb7 Bg1 107. Kc6 Bh2 108. Kb7 Bg1 109. Kb8 Bh2+ 110. Ka7 Bg1+ 111. Ka6 Bh2 112. Kb5 Bg1 113. Kc6 Bh2 1/2-1/2

[Event "FRA-ch Blitz Online Qual"]
[Site "Europe Echecs INT"]
[Date "2020.05.16"]
[Round "1"]
[White "Ciarletta, Iris"]
[Black "Deschamps, Quentin"]
[Result "1-0"]
[WhiteElo "1493"]
[BlackElo "1908"]
[PlyCount "137"]
[EventDate "2020.05.16"]
[EventType "swiss (blitz)"]
[EventRounds "15"]
[EventCountry "FRA"]
[SourceTitle "CBM 196 Extra"]
[Source "ChessBase"]
[SourceDate "2020.07.31"]
[SourceVersion "1"]
[SourceVersionDate "2020.07.31"]
[SourceQuality "1"]

1. d4 Nf6 2. c4 c5 3. d5 b5 4. cxb5 a6 5. bxa6 Bxa6 6. Nc3 d6 7. e4 Bxf1 8. Kxf1 g6 9. Nf3 Bg7 10. h3 0-0 11. Kg1 Nbd7 12. Kh2 Qa5 13. Bd2 Rfb8 14. b3 Qc7 15. Re1 e6 16. dxe6 fxe6 17. Kg1 d5 18. exd5 exd5 19. Bg5 d4 20. Bxf6 Bxf6 21. Nd5 Qd8 22. Nxf6+ Qxf6 23. Qd3 Rf8 24. Qc4+ Kg7 25. Re6 Qf7 26. Rae1 Rae8 27. Rxe8 Rxe8 28. Rxe8 Qxe8 29. Qd5 Qe7 30. a4 Nf6 31. Qe5 Kf7 32. Ng5+ Ke8 33. Qb8+ Kd7 34. Qb5+ Kd8 35. Qxc5 Qe1+ 36. Kh2 Qxf2 37. Qxd4+ Qxd4 38. Ne6+ Ke7 39. Nxd4 Kd6 40. b4 Nd5 41. b5 Kc5 42. Nc6 Nc3 43. a5 Kxb5 44. Ne5 Kxa5 45. Nd7 Nd5 46. Nf8 Nf6 47. g4 Kb5 48. g5 Nh5 49. Nxh7 Kc5 50. Nf8 Nf4 51. Kg3 Ne2+ 52. Kg4 Kd6 53. Nxg6 Ke6 54. Nf4+ Nxf4 55. Kxf4 Kf7 56. Kf5 Kg7 57. h4 Kh7 58. h5 Kg7 59. Ke6 Kh7 60. Kf6 Kh8 61. h6 Kh7 62. g6+ Kg8 63. h7+ Kh8 64. g7+ Kxh7 65. Kf7 Kh6 66. g8Q Kh5 67. Qg2 Kh4 68. Kf6 Kh5 69. Qg5# 1-0

[Event "FRA-ch Blitz Online Qual"]
[Site "Europe Echecs INT"]
[Date "2020.05.16"]
[Round "6"]
[White "Daurelle, Herve"]
[Black "Ciarletta, Iris"]
[Result "0-1"]
[WhiteElo "2205"]
[BlackElo "1493"]
[PlyCount "130"]
[EventDate "2020.05.16"]
[EventType "swiss (blitz)"]
[EventRounds "15"]
[EventCountry "FRA"]
[SourceTitle "CBM 196 Extra"]
[Source "ChessBase"]
[SourceDate "2020.07.31"]
[SourceVersion "1"]
[SourceVersionDate "2020.07.31"]
[SourceQuality "1"]

1. e4 c5 2. Nf3 d6 3. d4 cxd4 4. Nxd4 Nf6 5. Nc3 a6 6. Bg5 g6 7. Bxf6 exf6 8. h4 Bg7 9. h5 g5 10. h6 Bf8 11. Bc4 Nc6 12. Qh5 Qe7 13. 0-0-0 Nxd4 14. Rxd4 Be6 15. Bxe6 Qxe6 16. Nd5 Rc8 17. Rh3 Be7 18. Rb3 b5 19. f4 0-0 20. Rg3 Kh8 21. fxg5 Qe5 22. Rgd3 fxg5 23. Nxe7 Qxe7 24. Qf3 Rcd8 25. Qf5 Rfe8 26. e5 dxe5 27. Rd7 Rxd7 28. Rxd7 Qe6 29. Qxe6 fxe6 30. Kd2 e4 31. Ke3 e5 32. Kxe4 Kg8 33. Rd6 Re7 34. Rxa6 Kf7 35. Rb6 Ra7 36. Rxb5 Rxa2 37. b4 Rxc2 38. Rb7+ Kg6 39. Rb6+ Kh5 40. Kf5 Rf2+ 41. Kxe5 Rxg2 42. b5 Re2+ 43. Kd4 g4 44. Rb7 g3 45. Rg7 Rb2 46. Kc5 g2 47. b6 Kxh6 48. Rg3 Kh5 49. Kc6 Kh4 50. Rg7 h5 51. b7 Kh3 52. Kc7 Kh2 53. b8Q Rxb8 54. Kxb8 g1Q 55. Rxg1 Kxg1 56. Kc7 h4 57. Kd6 h3 58. Ke5 h2 59. Kf4 h1Q 60. Kg3 Qg2+ 61. Kf4 Qd5 62. Ke3 Kg2 63. Ke2 Qe4+ 64. Kd2 Qf3 65. Kc2 Qe3 0-1

[Event "FRA-ch Blitz Online Qual"]
[Site "Europe Echecs INT"]
[Date "2020.05.16"]
[Round "14"]
[White "Dumas, Charles"]
[Black "Ciarletta, Iris"]
[Result "0-1"]
[WhiteElo "2284"]
[BlackElo "1493"]
[PlyCount "50"]
[EventDate "2020.05.16"]
[EventType "swiss (blitz)"]
[EventRounds "15"]
[EventCountry "FRA"]
[SourceTitle "CBM 196 Extra"]
[Source "ChessBase"]
[SourceDate "2020.07.31"]
[SourceVersion "1"]
[SourceVersionDate "2020.07.31"]
[SourceQuality "1"]

1. e4 c5 2. Nf3 d6 3. Bb5+ Nc6 4. 0-0 g6 5. Re1 Bg7 6. c3 Bg4 7. h3 Bxf3 8. Qxf3 Nf6 9. d4 cxd4 10. cxd4 0-0 11. Be3 a6 12. Bf1 Nb4 13. Na3 Nd7 14. Rac1 Nc6 15. Red1 Rc8 16. Nb1 Nxd4 17. Bxd4 Rxc1 18. Bxg7 Rxd1 19. Qxd1 Kxg7 20. Qd4+ Nf6 21. Nc3 Qa5 22. Bc4 Qe5 23. Qe3 b5 24. Bb3 Rc8 25. f4 Qc5 0-1